Southville International School and Colleges
Your cart is empty.
  • Cart
  • Lists
    Public lists Eva Luna New books Lux_list list_1
    Your lists Log in to create your own lists
  • Log in to your account
  • Your cookies
  • Search history
Southville International School and Colleges
  • Advanced search
  • Recent comments
  • Most popular
  • Libraries

Log in to your account

Log in with GOOGLE


If you do not have an external account, but do have a local account, you can still log in:

  1. Home
  2. MARC view: Workbook for comprehensive radiographic pathology /
Normal view MARC view ISBD view

Workbook for comprehensive radiographic pathology / (Record no. 117958)

[ view plain ]
MARC details
000 -LEADER
fixed length control field 00603nam a2200205Ia 4500
008 - FIXED-LENGTH DATA ELEMENTS--GENERAL INFORMATION
fixed length control field 140609s9999 xx 000 0 und d
020 ## - INTERNATIONAL STANDARD BOOK NUMBER
International Standard Book Number 9780323078498
050 ## - LIBRARY OF CONGRESS CALL NUMBER
Classification number RC 78
Item number .Ei533 2007
100 ## - MAIN ENTRY--PERSONAL NAME
Personal name Eisenberg, Ronald L.
245 ## - TITLE STATEMENT
Title Workbook for comprehensive radiographic pathology /
Statement of responsibility, etc Ronald L. Eisenberg, Nancy M. Johnson
250 ## - EDITION STATEMENT
Edition statement 5th ed.
260 ## - PUBLICATION, DISTRIBUTION, ETC. (IMPRINT)
Place of publication, distribution, etc St. Louis, Mo. :
Name of publisher, distributor, etc Mosby/Elsevier,
Date of publication, distribution, etc c2012.
300 ## - PHYSICAL DESCRIPTION
Extent 184 p. :
Other physical details ill. ;
Dimensions 28 cm.
521 ## - TARGET AUDIENCE NOTE
Target audience note
650 ## - SUBJECT ADDED ENTRY--TOPICAL TERM
Topical term or geographic name as entry element Medical technologists.
650 ## - SUBJECT ADDED ENTRY--TOPICAL TERM
Topical term or geographic name as entry element Pathology.
650 ## - SUBJECT ADDED ENTRY--TOPICAL TERM
Topical term or geographic name as entry element Radiography.
942 ## - ADDED ENTRY ELEMENTS (KOHA)
Call number prefix Foreign
Koha item type Books
Holdings
Withdrawn status Lost status Damaged status Home library Current library Shelving location Date acquired Cost, normal purchase price Total Checkouts Full call number Barcode Date last seen Price effective from Koha item type
      College Library College Library General Circulation Section 06/09/2014 3566.00   RC 78 .Ei533 2007 C18246 05/15/2018 06/09/2014 Books

Workbook for comprehensive radiographic pathology /

APA

Eisenberg R. L., . (2012). Workbook for comprehensive radiographic pathology. St. Louis, Mo: Mosby/Elsevier.

Chicago

Eisenberg Ronald L, . 2012. Workbook for comprehensive radiographic pathology. St. Louis, Mo: Mosby/Elsevier.

Harvard

Eisenberg R. L., . (2012). Workbook for comprehensive radiographic pathology. St. Louis, Mo: Mosby/Elsevier.

MLA

Eisenberg Ronald L, . Workbook for comprehensive radiographic pathology. St. Louis, Mo: Mosby/Elsevier. 2012.

  • Place hold
  • Print
  • Cite
  • Add to your cart (remove)
  • Save record
    BIBTEX Dublin Core MARCXML MARC (non-Unicode/MARC-8) MARC (Unicode/UTF-8) MARC (Unicode/UTF-8, Standard) MODS (XML) RIS
  • More searches
    Search for this title in:
    Other Libraries (WorldCat) Other Databases (Google Scholar) Online Stores (Bookfinder.com) Open Library (openlibrary.org)

Exporting to Dublin Core...

SOUTHVILLE LIBRARY

Southville International School and Colleges Library

1281 Tropical Ave. Cor. Luxembourg St., BF Homes International, Las Pinas City

Tel. No. 8256374 / 252358 Loc. 117/146

Powered by Koha